| 000 | 00864nam a22002057a 4500 | ||
|---|---|---|---|
| 999 |
_c18787 _d18787 |
||
| 003 | AR-CdUCM | ||
| 008 | 190515b ||||| |||| 00| 0 spa d | ||
| 040 |
_aMUNICIPALIDAD PROVINCIAL DEL CUSCO _cBIBLIOTECA MUNICIPAL DEL CUSCO |
||
| 082 |
_a970.74 / _bV66 |
||
| 100 |
_aVilla Rojas, Alfonso _939588 |
||
| 245 |
_aLos lacandones : _bsu origen, costumbres y problemas vitales / |
||
| 260 |
_bAmérica Indígena, _c1967. |
||
| 300 |
_a137 páginas ; _bfotografías, figuras, _c24 cm. |
||
| 505 | _aContenido: Los lacandones: su origen, costumbres y problemas vitales -- Los lacandones: recursos económicos y organización social -- Los lacandones: sus dioses, ritos y creencias religiosas -- | ||
| 650 |
_aIndígenas lacandones _939589 |
||
| 650 |
_aMéxico _918 |
||
| 650 |
_aVida y costumbres sociales _9857 |
||
| 942 |
_2ddc _cLIBROS |
||
| 945 |
_aachl _d2019-05-15 |
||